The underdeveloped areas within the common market
Salvato in:
| Autore principale: | |
|---|---|
| Natura: | Libro |
| Lingua: | inglese |
| Pubblicazione: |
Princeton
Princeton University
1965
|
| Soggetti: | |
| Tags: |
Aggiungi Tag
Nessun Tag, puoi essere il primo ad aggiungerne!!
|
MARC
| LEADER | 00000nam a2200000 a 4500 | ||
|---|---|---|---|
| 001 | UCR7800 | ||
| 003 | CL-VaPUC | ||
| 008 | 980519e19650000us |||||||||||||||||eng|d | ||
| 082 | 0 | 4 | |a 337.14 |b BAR |2 21 |
| 100 | 0 | |a Barzanti, Sergio |e author |9 409252 | |
| 245 | 1 | 4 | |a The underdeveloped areas within the common market |
| 300 | |a 437 p | ||
| 942 | |c BK | ||
| 945 | |d 19980519 00:00:00 |a crobeson | ||
| 260 | |a Princeton |b Princeton University |c 1965 | ||
| 600 | 0 | 7 | |a MERCADO COMUN EUROPEO |2 CL-VaPUC |9 381542 |
| 650 | 0 | |a Economía internacional |9 258254 | |
| 650 | 0 | |a Integración económica |9 255024 | |
| 650 | 0 | |a Mercado común |9 378790 | |
| 650 | 0 | |a Política económica |9 255029 | |
| 650 | 0 | |a Desarrollo económico |9 259599 | |
| 651 | 0 | |a Europa |9 255156 | |
| 583 | |a last modification |c 20171205 05:10:50 |k Rodrigo Vera | ||
| 999 | |c 269382 |d 269380 | ||